| 000 | 00688nam a2200241Ia 4500 | ||
|---|---|---|---|
| 005 | 20260429112310.0 | ||
| 008 | 260429s9999||||xx |||||||||||||| ||und|| | ||
| 020 | _a9789394656444 | ||
| 041 | _aEnglish | ||
| 082 |
_a614 _bSHE |
||
| 100 | _aShetty, PVD | ||
| 245 | 0 |
_aShort notes in community medicine : _bas per the competency based curriculum / _cPVD Shetty |
|
| 250 | _a4th ed. | ||
| 260 |
_aMumbai : _bNational Book Depot, _c2025. |
||
| 300 | _a648 p.; pbk | ||
| 650 | _a Competency-based curriculum | ||
| 650 | _a Medical education | ||
| 650 | _a Preventive medicine | ||
| 650 | _a Public health | ||
| 650 | _aCommunity medicine | ||
| 700 | _a Khapre, M | ||
| 942 | _cTB | ||
| 999 |
_c53369 _d53369 |
||